1848 1582 1135 1377 1263 1270 1313 1716 1744 1969 1346 1773 1974 1285 1789 1681 1009 1700 1962 1474 1026 1515 1318 1411 1873 1504 1785 1870 1116 1127 1991 1543 1071 1143 1318 1257 1361 1684 1002 1741 1475 1094 1521 1019 1118 1543 1956 1108 1328 1059 1869 1991 1089 1909 1770 1968 1894 1506 1024 1052 1671 1252 1682 1653 1612 1656 1028 1710 1321 1209 1268 1336 1238 1576 1366 1406 1223 1664 1018 1915 1028 1109 1216 1174 1438 1628 1561 1868 1806 1062 1071 1210 1126 1200 1190 1775 1684 1276 1704 BCNSPRNW ULIB Ver.6.0+V

เปลี่ยนเป็นภาษาไทย

Change to English
 แสดงรายละเอียดบรรณานุกรม
  กลับหน้าหลัก

Brief Record : Get Marc (ISO 2709) : E-mail record : QR code < ปิดหน้าต่าง
LEADER : 00000nam 2200000uu 4500
001    13399115163
003     ULIB
008    120713s2554||||th 000 0 tha d
020    8858710302394
099    นว^bธ657ท
100 0  ธีรศา
245 00 ทรายสวาทห้วงสิเน่หา
260    กรุงเพทฯ:^bMy Love,^c2554
945    ^p265^l0^i18543
999 ^a ใช้งานได้ทุกระบบ
รายการนี้ยังไม่มีแท็ก
คุณยังไม่ได้ล็อกอิน คุณสามารถมีกิจกรรมร่วมกับเว็บไซต์ได้ แต่ต้องล็อกอินก่อน ::
  ล็อกอิน

รายการสื่อสารสนเทศ

ลำดับที่ ประเภท เลขเรียก/บาร์โค้ด สถานที่ สถานะ
1. นวนิยาย
นวนิยาย
นว ธ657ท  
  Barcode: 18543
ห้องสมุดวิทยาเขตสวรรค์ประชารักษ์
►นวนิยาย
บนชั้น
  ขอยืม

BibComment


ยังไม่เคยถูกคอมเมนท์

คอมเมนท์ทรัพยากรรายการนี้
  คอมเมนท์: ทรายสวาทห้วงสิเน่หา


 Copyright 2026. Bcnsprnw @Library